000 00447nam a2200181Ia 4500
001 18159
005 20260306171610.0
008 260306s9999||||xx |||||||||||||| ||und||
041 _aESP
082 _a658.4012
_bO74
100 _aOrtiz de Mendivil Llano, Enrique
_eAUT
245 0 _aAnálisis del entorno y prospectiva
260 _c2013
300 _a68 páginas :
_c30 cm.
650 _aGEN
654 _aCAN
942 _cLIB
_dJUS
_fJUS
_2ddc
_n
999 _c18159
_d18159